Scottish Courts Web Site (Record no. 119624)
[ view plain ]
| 000 -LEADER | |
|---|---|
| fixed length control field | 00787cam a2200205 4500 |
| 001 - CONTROL NUMBER | |
| control field | WS108115 |
| 008 - FIXED-LENGTH DATA ELEMENTS--GENERAL INFORMATION | |
| fixed length control field | 000000n 000 0 eng u |
| 035 ## - SYSTEM CONTROL NUMBER | |
| System control number | (Sirsi) u108115 |
| 245 ## - TITLE STATEMENT | |
| Title | Scottish Courts Web Site |
| 520 ## - SUMMARY, ETC. | |
| Summary, etc. | Site aiming to provide an access point to information relating to all civil and criminal courts in Scotland including the Court of Session, High Court of Justiciary, the Sheriff Courts and some District Courts. Includes links to judgments. |
| 650 ## - SUBJECT ADDED ENTRY--TOPICAL TERM | |
| Topical term or geographic name entry element | CASE LAW |
| 650 ## - SUBJECT ADDED ENTRY--TOPICAL TERM | |
| Topical term or geographic name entry element | SCOTLAND |
| 650 0# - SUBJECT ADDED ENTRY--TOPICAL TERM | |
| Topical term or geographic name entry element | SHERIFF COURTS |
| 650 0# - SUBJECT ADDED ENTRY--TOPICAL TERM | |
| Topical term or geographic name entry element | DISTRICT COURT |
| 650 ## - SUBJECT ADDED ENTRY--TOPICAL TERM | |
| Topical term or geographic name entry element | COURT OF SESSION |
| 650 0# - SUBJECT ADDED ENTRY--TOPICAL TERM | |
| Topical term or geographic name entry element | HIGH COURT OF JUSTICIARY |
| 690 ## - LOCAL SUBJECT ADDED ENTRY--TOPICAL TERM (OCLC, RLIN) | |
| Topical term or geographic name as entry element | LAW |
| 856 40 - ELECTRONIC LOCATION AND ACCESS | |
| Uniform Resource Identifier | <a href="https://www.scotcourts.gov.uk">https://www.scotcourts.gov.uk</a> |
| Public note | View the website free of charge at www.scotcourts.gov.uk... |
| 942 ## - ADDED ENTRY ELEMENTS (KOHA) | |
| Suppress in OPAC | 0 |
| Withdrawn status | Lost status | Source of classification or shelving scheme | Damaged status | Not for loan | Home library | Current library | Shelving location | Date acquired | Total Checkouts | Full call number | Barcode | Date last seen | Copy number | Price effective from | Koha item type |
|---|---|---|---|---|---|---|---|---|---|---|---|---|---|---|---|
| Dewey Decimal Classification | Virtual | Virtual | Online | 01/09/2000 | WEB SITE | 108115-2001 | 06/08/2019 | 1 | 06/08/2019 | Online material |